000 00293nam a2200109Ia 4500
008 220204s9999 xx 000 0 und d
082 _a930.9
_bJAW
100 _aJawaharlal Nehru
245 0 _aGlimpses of world history
260 _aNew Delhi
_bJawaharlal Nehru Memorial Fund
_c1982
942 _cBK
999 _c37697
_d37697